000 00684nam a22002177a 4500
003 UA-OsUOA
001 101661
007 ta
008 20130704b un ||||| |||| 00| 0 ukr d
100 _aКрюков В.Г.
090 _a93
_bК85
942 _cSA
040 _aUA-OsUOA
_bukr
_cUA-OsUOA
_dUA-OsUOA
245 _aПисемні документи Арабського халіфату ІХ-Х століть про місце розташування столиці Хозарського каганату
300 _aС.28-36
955 _a0
041 _aukr
080 _a93
773 0 _w101658
650 7 _a9 Географія. Біографії. Історія
_2UDC
999 _c387873
_d387873